[Event "Dos Hermanas"]
[Site "Dos Hermanas"]
[Date "1995.??.??"]
[Round "8"]
[White "Gelfand, Boris"]
[Black "Adams, Michael"]
[Result "1/2-1/2"]
[WhiteElo "2700"]
[BlackElo "2655"]
[Annotator "Gelfand,B"]
[PlyCount "63"]
[EventDate "1995.04.??"]
[EventType "tourn"]
[EventRounds "9"]
[EventCountry "ESP"]
[EventCategory "18"]
[SourceTitle "CBM 047"]
[Source "ChessBase"]
[SourceDate "1995.08.01"]
[SourceVersion "1"]
[SourceVersionDate "1995.08.01"]
[SourceQuality "1"]

1. d4 Nf6 2. Nf3 e6 3. c4 Bb4+ 4. Nbd2 b6 5. a3 Bxd2+ 6. Qxd2 Bb7 7. e3 O-O 8.
Be2 Ne4 9. Qd3 d5 10. b3 c5 $5 $146 (10... a5 11. Bb2 a4 12. Rc1 Ba6 13. Qc2
axb3 14. Qxb3 Nc6 15. Bc3 Qe7 16. Bb4 Nxb4 17. axb4 c5 18. dxc5 bxc5 19. b5 Bb7
$10 {Yusupov=Nikolic,1989,47/631}) 11. O-O (11. Bb2 dxc4 (11... cxd4 12. Qxd4
$5) 12. bxc4 Nd7) 11... cxd4 12. exd4 Nd7 13. a4 (13. Bf4 $5) 13... Re8 14. Bf4
(14. Ba3 $5) 14... Nf8 (14... Qf6 15. Qe3 Nc3 $6 16. Bd3 dxc4 17. bxc4 Bxf3 18.
Bg5 $18) 15. h3 Ng6 16. Bh2 Rc8 (16... Ng5 17. Nxg5 Qxg5 18. Qe3) 17. Rfc1 dxc4
18. bxc4 Nd6 19. Bf1 (19. a5 Be4 20. Qe3 Bxf3 21. Qxf3 Nf5 22. d5 Nd4) 19...
Be4 20. Qe3 Bc6 (20... Bxf3 21. Qxf3 Nf5 22. d5 Nd4 23. Qd3 $14) (20... Bb7 $5
21. Bxd6 Qxd6 22. c5 $5 $14 {Adams}) 21. Ne5 (21. Bxd6 Qxd6 22. c5 Qd7) 21...
Bb7 (21... Nf5 22. Nxc6 Nxe3 (22... Rxc6 23. Qe4) 23. Nxd8 Nxf1 24. Nxf7 $5 (
24. Nb7 Nd2 25. Nd6 Nb3 26. Nxe8 Rxe8) 24... Kxf7 25. Kxf1 Red8 $14) 22. Rd1
Nf5 23. Qd2 Nxe5 24. Bxe5 Re7 $2 (24... f6 $5 25. Bh2 Re7 26. d5 e5 $13) (24...
Ne7 $5 {/\Nc6-a5}) 25. Bf4 $2 (25. d5 $1 f6 (25... exd5 26. Qf4 f6 27. Bxf6 (
27. Bb2 $5) 27... gxf6 28. Qxf5 $14) 26. Bb2 exd5 27. cxd5 $16) 25... Rd7 26.
Be3 Qf6 (26... Nxd4 27. Bxd4 e5 28. Bxb6 Rxd2 29. Bxd8 Rcxd8 30. Rxd2 Rxd2 31.
Rb1 Rd7 32. c5 Kf8 $10) 27. a5 Qg6 (27... Nh4 $5 28. f4 Qg6 29. Kh2 b5 $5) 28.
axb6 axb6 29. Qd3 (29. Qe2 $5 h5 (29... Rcd8 30. Rab1) 30. Qd3) 29... Rcd8 30.
Rab1 Nxd4 31. Qxg6 (31. Bxd4 $4 Be4 $19) 31... hxg6 32. Rxd4 (32. Rxb6 Nf3+ $1
33. gxf3 Rxd1 34. Rxb7 Re1 35. c5 Rdd1 36. c6 Rxf1+ 37. Kg2 $10) (32. Rdc1 Be4
33. Rxb6 Nf5 $132) (32. Kh1 Be4 33. Rxb6 Nf5 $132) (32. Rxd4 Rxd4 33. Bxd4 Rxd4
34. Rxb6 $10 (34. c5 Be4 35. Rxb6 Rd1)) 1/2-1/2

[Event "Rubinstein Memorial 35th"]
[Site "Polanica Zdroj"]
[Date "1998.08.23"]
[Round "6"]
[White "Gelfand, Boris"]
[Black "Macieja, Bartlomiej"]
[Result "1-0"]
[WhiteElo "2675"]
[BlackElo "2490"]
[Annotator "Gelfand/Huzman"]
[PlyCount "75"]
[EventDate "1998.08.17"]
[EventType "tourn"]
[EventRounds "11"]
[EventCountry "POL"]
[EventCategory "17"]
[SourceTitle "CBM 067"]
[Source "ChessBase"]
[SourceDate "1998.11.30"]
[SourceVersion "2"]
[SourceVersionDate "1998.11.01"]
[SourceQuality "1"]

1. d4 Nf6 2. c4 e6 3. Nf3 Bb4+ 4. Nbd2 b6 5. a3 Bxd2+ 6. Qxd2 Bb7 7. e3 O-O 8.
Be2 d6 9. O-O Nbd7 10. b4 Ne4 11. Qc2 c5 12. Bb2 Rc8 $146 (12... Qe7) 13. Rad1
(13. dxc5 bxc5 14. Rad1 d5 {-13.Rad1}) 13... d5 $1 (13... Qe7 14. dxc5 bxc5 15.
Nd2) (13... f5 14. dxc5 bxc5 15. Nd2 Qg5 16. f4 Qg6 17. Bf3 Ndf6 18. Bxf6 Rxf6
19. Bxe4 fxe4 20. Nb3 $16) (13... cxb4 14. axb4 d5 15. c5 (15. Bd3 Ba6 16. Bxe4
dxe4 17. Nd2 Bxc4 18. Nxc4 b5 19. Qxe4 Rxc4) 15... a5 16. bxa5 $1 (16. Qb3 axb4
17. Qxb4 bxc5) 16... bxc5 17. a6 Ba8 18. dxc5 Ndxc5 19. Rc1 $16) 14. dxc5 bxc5
15. Bd3 (15. cxd5 Bxd5 (15... exd5 16. bxc5 Ndxc5 17. Bd4 $14) 16. b5 (16. Ba6
Rc7) 16... c4 17. Nd4 (17. Rd4 c3 18. Ba1 f5) 17... Qg5 (17... c3 18. Bc1) 18.
Bf3 Ndc5 19. a4 Nd3 20. Ba3 Rfe8 21. Nc6 $140 Bxc6 (21... Nd2 22. Bxd5 Nxf1 23.
Bxc4 Nxe3 24. fxe3 Qxe3+ 25. Kf1 Qf4+ 26. Ke2) (21... a6 $2 22. Ne7+ $18) 22.
bxc6 Qd5 23. c7 Rxc7 24. Rxd3 Qxd3 25. Qxd3 cxd3 26. Bxe4 d2) 15... f5 $1 (
15... Qe7 16. b5 f5 (16... h6 17. Bxe4 dxe4 18. Ne5 $14 (18. Nd2 f5 19. Nb3 $5
(19. a4 e5 20. a5 a6) 19... Rcd8 20. Na5 Ba8 21. Rd2)) 17. Ne5 Nxe5 18. Bxe5
Nd6 19. f3 $14) 16. b5 (16. cxd5 cxb4 17. Qb1 (17. dxe6 Rxc2 18. Bxc2 Nec5 (
18... Ng5 19. Rxd7 Nxf3+ 20. Kh1 $18) 19. exd7 (19. axb4 Bxf3 20. gxf3 Nxe6)
19... b3 $17) 17... Bxd5 18. axb4 Nc3 19. Bxc3 Bxf3 (19... Rxc3 $11) 20. gxf3
Rxc3 $11) (16. Ne5 Nxe5 17. Bxe5 cxb4 18. axb4 dxc4 19. Bxc4 Bd5 20. Bxd5 Rxc2
21. Bxe6+ Kh8 22. Rxd8 Rxd8 23. Bxf5 Rc4 $13) 16... Nd6 17. Ne5 Nb6 18. f3 $6 (
18. a4 $142 Qg5 (18... dxc4 19. Bxc4 Nbxc4 20. Nxc4 Be4 21. Qe2 Bd5 22. Nxd6
Qxd6 23. f3 $14) (18... Qh4 19. cxd5 Nxd5 20. Bc4 Rfd8 $14) 19. cxd5 (19. f4
Qe7) 19... c4 20. Be2 Bxd5 21. Bf3 $14 (21. Nf3 Qg6 22. Ba3 Rfd8) 21... c3 22.
Ba3 Rfd8 23. Bxd5 Nxd5 24. Nc6 $16) 18... Qg5 (18... Qh4 $1 19. g3 Qh6 $132)
19. Rde1 dxc4 (19... Rfd8 20. Rf2 dxc4 21. Nxc4 Ndxc4 (21... Nbxc4 22. Bxc4 Bd5
23. Bf1 c4 24. a4 $14) 22. Bxc4 Nxc4 23. Qxc4 $14) 20. Bxc4 (20. Nxc4 Ndxc4 21.
Bxc4 Bd5 $11) 20... Nbxc4 $6 (20... Bd5 $5 21. f4 Qe7 22. Be2 c4 23. a4 Be4 (
23... Ne4 24. Ra1 Rfd8 25. Ba3 Qb7) 24. Qd1 c3 25. Ba3 Rfd8 26. a5 Nd5 $13) 21.
Nxc4 Nxb5 (21... Nxc4 22. Qxc4 $14) 22. a4 Nc7 23. Nd6 Rb8 24. Ba3 (24. Be5 $5
Ba6 25. Rf2 (25. Nb5 Nxb5 26. Bxb8 Na3 27. Qb3 Bxf1 28. Kxf1 c4 $13) 25... Nd5
(25... c4 26. Nb5) 26. Qxc5 Qe7 (26... Nb4 27. Nf7 $1 (27. Qxa7 Nd3 28. Nf7 (
28. Qxa6 Nxe1 29. Qc4 Qg6 30. Qe2 Rb1 31. Rf1 Nxg2 32. Qxg2 Qxg2+ 33. Kxg2 Rxf1
34. Kxf1 Ra8 $11) 28... Qh4 $13) 27... Rxf7 (27... Qh4 28. g3 Qh5 29. Bxb8 Nd3
30. Qxa7 $16) 28. Bxb8 Nd3 29. Qc6 Nxe1 30. Bd6 $1 $16) (26... Rb3 27. Qxa7 $16
) 27. Rd2 $14) 24... Ba6 (24... Na6 $5 25. Qc4 Qe7 26. Nxb7 (26. Rd1 Kh8) 26...
Qxb7 27. Qxe6+ Kh8 28. e4 $14) 25. Rf2 Ne8 (25... Nd5 26. Qxc5 Rfd8 27. Rd2 $16
) 26. Qxc5 Nxd6 27. Qxd6 Bc4 28. Qd4 (28. Rb2 $5 Ra8 $1 $14 (28... Rbd8 29. Qc5
Bd5 30. e4 $16) (28... Rbc8 29. Rb7 Bd5 30. Rxa7 Bxf3 31. Qg3 $18)) 28... Rfc8
29. Bc5 (29. Rc1 $5 Bd5 (29... Rb3 30. Bd6 (30. Bb2 $5 $16) 30... Qxe3 $140 31.
Qxe3 Rxe3 32. Rfc2 Rd3 33. Bf4 $16) 30. Rxc8+ Rxc8 31. Qxa7 $16) (29. Qxa7 Ra8
30. Qd7 Rd8 31. Qe7 Qxe7 (31... Qxe3 $132) 32. Bxe7 Rd7 $11) 29... Bd5 30. Bxa7
Ra8 31. e4 $2 $138 (31. a5 $16 Rc4 $140 32. Qb2) 31... fxe4 32. fxe4 Rc4 (32...
Bc6 $5 33. Ref1 Qg6) 33. Qb6 (33. Qd3 Qg6 (33... Qe5)) 33... Rc1 $4 $138 (33...
Qe5 $11) (33... Rc6 34. Qb7 $18) (33... Bc6 34. Qc7 (34. Bb8 h6) (34. Qb3 Qa5
$1 35. Ref1 Rxe4 $13) 34... h6 35. Qf7+ Kh7 36. Qxe6 $16) 34. Rxc1 Qxc1+ 35.
Rf1 Qc6 36. exd5 Qd7 37. Bb8 Qxd5 38. Bc7 1-0

[Event "Moscow Aeroflot op"]
[Site "Moscow"]
[Date "2002.02.09"]
[Round "7"]
[White "Shushpanov, Rustam"]
[Black "Gershon, Alik"]
[Result "1/2-1/2"]
[WhiteElo "2460"]
[BlackElo "2558"]
[Annotator "Gershon,A"]
[PlyCount "50"]
[EventDate "2002.02.04"]
[EventType "swiss"]
[EventRounds "9"]
[EventCountry "RUS"]
[SourceTitle "CBM 088"]
[Source "ChessBase"]
[SourceDate "2002.03.21"]
[SourceVersion "1"]
[SourceVersionDate "2002.03.21"]
[SourceQuality "1"]

1. d4 Nf6 2. Nf3 e6 3. c4 b6 4. e3 Bb7 5. Bd3 Be7 6. O-O O-O 7. Nc3 d5 8. Qe2 {
this move, with the idea of an immediate push e4, does not offer white
anything real. The practice shows that black is doing very well.} (8. b3 {
is the more dangerous approach}) 8... Nbd7 ({the other alternative is:} 8... c5
) 9. e4 dxe4 10. Nxe4 c5 (10... Nxe4 11. Bxe4 Bxe4 12. Qxe4 c5 13. Rd1 Nf6 14.
Qe2 Qc7 15. Bg5 (15. b3 Rfd8 16. Bb2 {1/2-1/2 Tal,M-Naumkin,I/Moscow 1991/
URS-ch (16)}) 15... Rfd8 16. b3 h6 17. Bh4 cxd4 18. Nxd4 Qc5 19. Nf3 Rac8 20.
h3 Qf5 $11 {is equal 0-1 Papaioannou,I-Dervishi,E/Panormo 1998/CBM 67 ext (42).
(42)}) 11. dxc5 {Allows black to get a very pleasant game. Only black can be
better here.} (11. Rd1 $142 {I believe this move poses more problems than the
game.} Qc7 12. Bg5 Rfe8 {with the idea of mass exchanges in the center.} 13.
dxc5 bxc5 14. Rd2 h6 15. Bh4 Nxe4 16. Bxe4 Bxh4 17. Nxh4 Bxe4 18. Qxe4 Rad8 {
1/2-1/2 Tal,M-Karpov,A/Riga 1975/MCD (18)}) 11... Nxe4 12. Bxe4 Bxe4 13. Qxe4
Nxc5 14. Qe2 Qd3 $1 {in the endgame black's initiative is much easier to
develop.} 15. Re1 Rfd8 16. Be3 $6 {too passive, the way to go would be:} (16.
Bg5 Bxg5 17. Nxg5 {and draw is obvious}) 16... Bf6 17. Rab1 $6 {Allows black
to get a real advantage, although this too, is not enough for a win} (17. Bg5 {
would still have been better} Bxg5 18. Nxg5 Qf5 19. Nf3 Nd3 {1/2-1/2 Grivas,
E-Van der Wiel,J/Katerini 1992/CBM 32 ext (19)}) 17... Na4 18. h3 {black was
threatening: 18...Qxe2 19.Rxe2 Nxb2 winning a pawn due to a mate on first rank}
(18. b3 $4 Qxe2 19. Rxe2 Nc3 $19) 18... Rac8 19. Qxd3 Rxd3 20. b3 Nc3 21. Rb2 {
black has the more active pieces, but white's position still has no weaknesses.
} Rcd8 22. Rc2 Rd1 23. Rxd1 Rxd1+ 24. Kh2 Ra1 {while celebrating the fact that
I was able to squeeze a real weakening of white's queen side structure, come
my oponent's reaply:} 25. c5 $1 {and the draw became the only possible result:}
(25. c5 bxc5 26. Bxc5 Rxa2 27. Rxa2 Nxa2 28. Bxa7 Kf8 $11) 25... bxc5 1/2-1/2

[Event "ESP-chT"]
[Site "Sanxenxo"]
[Date "2004.11.21"]
[Round "4"]
[White "Gurevich, Mikhail"]
[Black "Bologan, Viktor"]
[Result "0-1"]
[WhiteElo "2644"]
[BlackElo "2669"]
[Annotator "Gershon,A"]
[PlyCount "132"]
[EventDate "2004.11.18"]
[EventType "team"]
[EventRounds "9"]
[EventCountry "ESP"]
[SourceTitle "CBM 105"]
[Source "ChessBase"]
[SourceDate "2005.04.11"]
[SourceVersion "1"]
[SourceVersionDate "2005.04.11"]
[SourceQuality "1"]

1. d4 Nf6 2. c4 e6 3. Nf3 Bb4+ 4. Nbd2 b6 5. a3 Bxd2+ 6. Qxd2 Bb7 7. e3 O-O 8.
Be2 d6 9. O-O a5 {[%mdl 4] The main move here is Nbd7, however, this rare
continuation is very logical. Black prevents white from expanding his pressure
on the queen side} 10. b3 Nbd7 11. Bb2 Ne4 (11... Qe7 12. Rad1 Rfd8 13. Qc2 c5
14. dxc5 bxc5 15. Nd2 Rdb8 16. Bc3 h6 17. h3 e5 18. Rfe1 Bc6 19. a4 $14 {
[%csl Ra5,Rd6] 1-0 Akesson,R-Andersson,U/Skelleftea 1999/EXT 2000 (42)}) 12.
Qc2 f5 13. Ne1 $6 {I belive White should strive to use the extra tempo he has
compared to normal variations (where black doesn't waste time on a5) - and
strike in the center with d5, or Rd1 & d5} (13. d5 exd5 14. Nd4 Qe7 15. cxd5
Bxd5 16. Bc4 Bxc4 17. Qxc4+ Qf7 18. Qxc7 Rfc8 19. Qb7 Rab8 20. Qa6 Nd2 21. Rfd1
Nxb3 22. Rab1 Nxd4 23. Rxd4 Qa2 24. Qf1 Rc2 25. Rxd6 Nc5 26. Be5 {1-0 Franco
Ocampos,Z-Oms Pallise,J/Palencia 1999/CBM 71 ext (40)}) (13. Rfd1) 13... Qg5 $1
{[%csl Re3] Here, the extra tempo is of little use to white - he'd rather
still have his bishop on 'c1', keeping the c1-g5 diagonal under control, and
making black's last move impossible} 14. Qc1 {If such moves are called to
execute one's plan - something has gone wrong. Now black places his Q on a
good spot (e7) whereas white's will need to spent another move in order to
restore coordination} Qe7 15. Nd3 e5 16. Qc2 Nef6 {A bit too passive, allowing
white to regain the initiative} (16... Ng5 17. c5 $1 bxc5 (17... Nh3+ 18. Kh1)
(17... e4 18. c6 $16) 18. dxe5 Ne6 19. Rfd1 $14) (16... Qg5 {[%cal Ge4d2]} 17.
f4 exf4 18. exf4 Qh6 $13) 17. dxe5 (17. c5 bxc5 18. dxe5 dxe5 {- see the game})
17... dxe5 18. c5 $1 {Of course! White must play on the queen side.} bxc5 19.
Rac1 (19. Rfc1 Ba6 20. Bf1 {was worth considering}) 19... Ba6 20. Rfe1 c4 $1 {
Of course, black cannot allow white to capture on c5. In such a case black
would be stuck with a weakness on 'c7'.} 21. bxc4 c5 22. f4 $1 {A key move,
breaking apart black's center, and getting an important square for own knight
on e5. Black, on his part, gets a very pleasant square on e4 for himself.} exf4
23. exf4 Ne4 (23... Qe3+ $2 {is just a shot in the air} 24. Kh1 {[%cal Ge2f3]})
24. Bf3 {Now White's bishop pair gives his better chances in the forthcoming
battle.} Bb7 25. Nf2 (25. Ne5 {would have been too banal} Nxe5 26. Bxe5 Rfd8)
25... Ndf6 (25... Rae8 26. Rcd1 Bc6 27. Re3 {[%csl Re4] Eventually, White's
pressure on e4 will become too much for Black to handle}) 26. Bxf6 {One of the
advantages of a bishop pair is that you can exchange one (or both) of them at
a convenient moment. Now White wins a pawn, however, black active pieces
assure him sufficient compesation. It'd be better for white to wait one move
move.} (26. Rb1 $1 {Is an important preparing move, before the forced sequence
of exchanges. White must take care of the 'b' file first.} Bc6 27. Bxf6 Qxf6
28. Nxe4 fxe4 29. Bxe4 Bxe4 30. Rxe4 {[%cal Gb1b7]}) 26... Qxf6 27. Nxe4 fxe4
28. Bxe4 Bxe4 29. Rxe4 {White is now a pawn up, but a somewhat weakened 2nd
rank gives black some counterchances.} Rab8 $1 {White has no good way of
denying Black from entering the second rank} 30. Rce1 (30. Qf2 $6 Rb2 31. Rc2
Rxc2 32. Qxc2 Qa1+ 33. Kf2 Qxa3 $17) (30. Rb1 Rxb1+ 31. Qxb1 Qc3 32. a4 Qd2 {
Black is not really under any risk of losing here, with such a strong queen})
30... Qb2 31. Qd3 {By avoiding entering a rook ending, white agreed to a
double edged game. The extra pawn is barely felt now, whereas Black's active
pieces are.} (31. Qxb2 Rxb2 32. g3 Ra2 33. Re7 Rxa3 34. Rc7 Rd8 {looks like a
draw more than anything else.}) 31... Rbd8 32. Qe3 (32. Qf3 a4 {it's hard to
see how can white improve his position}) 32... Rd2 33. Qf3 h6 {It's time to
take care of own king's safety} 34. h3 {same here} Kh7 35. Kh2 (35. R1e2 Rxe2
36. Rxe2 Qc1+ 37. Kh2 Qxf4+ {is very similar to the game}) (35. f5 $142 {
[%cal Ge4g4] and the position remains dynamically equal.}) 35... Rf2 36. Qg4 $6
{After this mistake it is definitely white who has to play accurately} ({
correct was} 36. Qg3 $1 Rf6 $140 37. R4e2 $1 Rxe2 38. Qd3+ Kg8 39. Rxe2 Qd4 40.
Qxd4 cxd4 41. Kg3 $18 Rc6 42. Rc2 d3 43. Rd2 Rxc4 44. Rxd3 {and white has some
winning chances}) 36... Rf6 37. R4e2 Rxe2 38. Qxe2 (38. Rxe2 Qxa3 {[%csl Ra5]
the 'a' passer is extremely dangerous}) 38... Qxe2 39. Rxe2 Rxf4 $17 {All of a
sudden white is no more a pawn up, and he is in big trouble} 40. Rc2 Kg6 41. a4
Kf5 42. Rb2 {White must seek counterplay} (42. Kg3 g5 {[%csl Gf5,Rg3] The
difference of kings decides the game here.}) 42... Ke5 $1 (42... Rxc4 $2 43.
Rb5 Rxa4 44. Rxc5+ Kf4 45. Rc7 g5 46. Ra7 {is drawish}) 43. Rb5 Kd4 44. Rxa5
Rf7 $1 {Another GM move. The rook is much better placed on the 7th rank,
whereas the 'c4' pawn is not going anywhere. Black's advantage is already
decisive.} 45. Ra8 Kxc4 46. Kg3 Kb4 47. a5 Kb5 48. a6 (48. Rc8 c4 49. a6 (49.
Kg4 Rf6 $19 {[%cal Gf6c6]}) 49... Ra7 50. Rb8+ Kxa6 51. Kf3 Rb7 52. Rc8 Kb5 $19
) 48... Kb6 49. Kg4 (49. Rc8 Rc7) 49... Ra7 50. Rb8+ Kxa6 51. Kf4 Re7 $1 {
Last finesse. The king is kept cut off the queen side, and white cannot
prevent black's pawn advance} 52. Rb1 Ka5 (52... c4) 53. Ra1+ Kb5 54. Rb1+ Kc6
{[%cal Gc5c4]} 55. Rc1 Re2 {After the white rook was forced to a passive
position, it's time to activate own rook.} 56. g4 Rf2+ 57. Ke5 (57. Kg3 Rf7 58.
h4 g5 {[%cal Gf7f4,Yc5c4]}) 57... Rh2 58. Rc3 Kb5 59. Rf3 (59. Kd5 Rd2+ 60. Ke4
c4 $19) 59... Kb4 60. Rf7 g5 61. Kd5 Rd2+ 62. Ke5 Rd3 {precission till the
very last move} (62... c4 {although still totally winning, would have allowing
white some unnecessary dreams of survival} 63. Rf6 c3 64. Rxh6 c2 65. Rc6 Kb3
66. Kf5 Rd5+ $19) 63. Rb7+ Kc4 64. h4 Rd5+ 65. Ke4 gxh4 66. Rb6 h5 {And white
decided he's had enough for today.} 0-1

[Event "Pamplona 14th"]
[Site "Pamplona"]
[Date "2004.12.27"]
[Round "5"]
[White "Vaganian, Rafael A"]
[Black "Naiditsch, Arkadij"]
[Result "0-1"]
[WhiteElo "2640"]
[BlackElo "2611"]
[Annotator "Gershon,A"]
[PlyCount "44"]
[EventDate "2004.12.22"]
[EventType "tourn"]
[EventRounds "7"]
[EventCountry "ESP"]
[EventCategory "16"]
[SourceTitle "CBM 105"]
[Source "ChessBase"]
[SourceDate "2005.04.11"]
[SourceVersion "1"]
[SourceVersionDate "2005.04.11"]
[SourceQuality "1"]

1. d4 Nf6 2. Nf3 e6 3. e3 b6 4. Bd3 Bb7 5. O-O c5 6. c4 Be7 7. Nc3 cxd4 8. exd4
d5 9. cxd5 Nxd5 10. Ne5 O-O 11. Qh5 g6 12. Qf3 $2 {After this move, it's hard
to find any improvement for white.} (12. Qh3 Nc6 13. Bh6 Re8 14. Ba6 Bxa6 15.
Nxc6 Qd7 16. Ne5 Qb7 17. Rfe1 {[%cal Ge5f7]} Nxc3 18. bxc3 Qd5 19. Bf4 f6 20.
Ng4 h5 21. Ne3 $14 {1/2-1/2 Dizdar,G-Gurevich,D/Geneve 1999/CBM 68 ext (45)})
12... Nc6 13. Bh6 Nxd4 14. Qe4 $146 {This is a novelty, however, It's hard to
believe Vaganian would opt for this dubious line in his home preparation. From
now on, black's activity is developing fast and smoothly} (14. Qg3 Bd6 15. Nxd5
Bxd5 16. Bxf8 Qxf8 {[%csl Re5] Black has enough compensation for the exchange}
17. Qe3 Qg7 18. Rfe1 Bc5 19. Qf4 g5 20. Qd2 a5 21. Be4 Rd8 $11 {0-1 Hartung
Nielsen,J-Petersen,S/Denmark 2000/EXT 2001 (54)}) 14... Bc5 15. Bxf8 f5 $1 {
a key move. Black is not wasting time for taking the bishop - he has much more
serious stuff to offer} 16. Qe1 {the only place for a queen!} Nf4 {[%cal Gd8g5]
} 17. Bh6 ({of course not:} 17. Bxc5 Qg5 $19) 17... Nxg2 {Now it's all over.
White is a whole rook up, but is totally hopeless against black's threats} 18.
Qc1 Qc7 19. Nb5 (19. Nc4 Nf3+ 20. Kxg2 Qxh2#) (19. Bf4 Nxf4 20. Qxf4 Qxe5 $1
21. Qxe5 Nf3+ 22. Kg2 Nxe5+ $19) (19. Re1 Nxe1 20. Qxe1 Qxe5 $19) 19... Qxe5
20. Nxd4 Bxd4 {[%cal Gg2h4]} 21. Ba6 {This is just a blunder, that simply make
white's suffering shorter.} (21. Rd1 Nh4 22. Qf4 Qd5 23. Be4 Qxe4 24. Qxe4 Bxe4
$19) 21... Bxa6 22. Qc6 Qd5 0-1